[Event "Buenos Aires 9 July op 5th"]
[Site "Buenos Aires"]
[Date "2023.05.25"]
[Round "2"]
[White "Pereyra, Horacio"]
[Black "Flores, Diego"]
[Result "0-1"]
[WhiteElo "2134"]
[BlackElo "2517"]
[PlyCount "68"]
[EventDate "2023.05.25"]
[EventType "swiss"]
[EventRounds "7"]
[EventCountry "ARG"]
[SourceTitle "CBM 214 Extra"]
[Source "ChessBase"]
[SourceDate "2023.07.31"]
[SourceVersion "1"]
[SourceVersionDate "2023.07.31"]
[SourceQuality "1"]

1. d4 Nf6 2. Nc3 d5 3. Bf4 c5 4. e3 cxd4 5. exd4 a6 6. Bd3 Nc6 7. Nge2 Bg4 8. f3 Bh5 9. g4 Bg6 10. h4 e6 11. h5 Bxd3 12. Qxd3 Rc8 13. g5 Nd7 14. 0-0-0 Qa5 15. Kb1 Nb4 16. Qe3 Nb6 17. Nc1 Nc4 18. Qe1 Be7 19. Nb3 Qb6 20. g6 0-0 21. gxh7+ Kh8 22. Rg1 Bf6 23. Be5 Bxe5 24. dxe5 Qe3 25. h6 Qxh6 26. Rd4 Qh2 27. Qc1 Qxe5 28. Rdg4 g6 29. a3 Nc6 30. f4 Qf6 31. R4g3 Ne7 32. Qe1 Nf5 33. Rh3 Rc6 34. Qd2 Nxd2+ 0-1

[Event "Vicente Lopez ProAm 100 Years op"]
[Site "Buenos Aires"]
[Date "2022.10.18"]
[Round "9"]
[White "Fiorito, Francisco"]
[Black "Pereyra, Horacio"]
[Result "1-0"]
[WhiteElo "2304"]
[BlackElo "2135"]
[PlyCount "61"]
[EventDate "2022.10.11"]
[EventType "swiss"]
[EventRounds "9"]
[EventCountry "ARG"]
[SourceTitle "CBM 210 Extra"]
[Source "ChessBase"]
[SourceDate "2022.11.30"]
[SourceVersion "1"]
[SourceVersionDate "2022.11.30"]
[SourceQuality "1"]

1. c4 g6 2. g3 Bg7 3. Bg2 d6 4. Nc3 Nc6 5. e3 e5 6. Nge2 Be6 7. b3 f5 8. d4 Bf7 9. 0-0 e4 10. f3 exf3 11. Bxf3 Nf6 12. Nf4 0-0 13. Bd2 Qd7 14. Qe2 Rae8 15. Qg2 Nd8 16. Rae1 c6 17. Nh3 h6 18. Nf2 h5 19. Bd1 Re7 20. Bc2 Rfe8 21. h3 Bh6 22. Nfd1 Ne6 23. e4 Bxd2 24. Qxd2 Nxe4 25. Bxe4 Nxd4 26. Qxd4 d5 27. cxd5 c5 28. Qe3 fxe4 29. Nf2 Qf5 30. Nfxe4 b6 31. Rxf5 1-0

[Event "Vicente Lopez ProAm 100 Years op"]
[Site "Buenos Aires"]
[Date "2022.10.14"]
[Round "4"]
[White "Pereyra, Horacio"]
[Black "Llanos, Guillermo"]
[Result "1/2-1/2"]
[WhiteElo "2135"]
[BlackElo "2295"]
[PlyCount "75"]
[EventDate "2022.10.11"]
[EventType "swiss"]
[EventRounds "9"]
[EventCountry "ARG"]
[SourceTitle "CBM 210 Extra"]
[Source "ChessBase"]
[SourceDate "2022.11.30"]
[SourceVersion "1"]
[SourceVersionDate "2022.11.30"]
[SourceQuality "1"]

1. e4 d6 2. d4 Nf6 3. Nc3 e5 4. dxe5 dxe5 5. Qxd8+ Kxd8 6. f4 Bb4 7. Bd3 Nbd7 8. Nf3 Re8 9. fxe5 Nxe5 10. Nxe5 Rxe5 11. Bf4 Bxc3+ 12. bxc3 Rc5 13. Be3 Ra5 14. 0-0 Be6 15. a4 Bd7 16. Bd4 Ke7 17. Bc4 Be8 18. Rf3 c5 19. Bf2 Ng4 20. Bg3 f6 21. h3 Ne5 22. Bxe5 fxe5 23. Rf5 Rxa4 24. Rxe5+ Kd6 25. Re6+ Kc7 26. Rxa4 Bxa4 27. Re7+ Kd6 28. Rxg7 Bc6 29. Rxh7 Bxe4 30. Rh6+ Kc7 31. g4 a6 32. g5 Rd8 33. h4 Rd2 34. Re6 Bf3 35. g6 Rg2+ 36. Kf1 Rg4 37. Kf2 Bd1 38. Bd3 1/2-1/2

[Event "ARG-ch sf 93rd"]
[Site "Buenos Aires"]
[Date "2018.05.26"]
[Round "8"]
[White "Slipak, Sergio"]
[Black "Pereyra, Horacio"]
[Result "1/2-1/2"]
[WhiteElo "2444"]
[BlackElo "2071"]
[PlyCount "52"]
[EventDate "2018.05.19"]
[EventType "swiss"]
[EventRounds "9"]
[EventCountry "ARG"]
[SourceTitle "CBM 184 Extra"]
[Source "ChessBase"]
[SourceDate "2018.06.28"]
[SourceVersion "1"]
[SourceVersionDate "2018.06.28"]
[SourceQuality "1"]

1. d4 e6 2. c4 Bb4+ 3. Bd2 Qe7 4. Nc3 f5 5. g3 Nf6 6. Bg2 0-0 7. Nf3 d6 8. a3 Bxc3 9. Bxc3 Ne4 10. Rc1 Nd7 11. 0-0 Nxc3 12. Rxc3 Nf6 13. b4 Rb8 14. c5 d5 15. b5 Bd7 16. a4 Be8 17. Qc2 Ne4 18. Rb3 b6 19. cxb6 cxb6 20. Ne5 a6 21. Rc1 axb5 22. axb5 Nd6 23. Qb1 Nf7 24. Nd3 Nd6 25. Ne5 Nf7 26. Nd3 Nd6 1/2-1/2

[Event "ARG-ch sf 93rd"]
[Site "Buenos Aires"]
[Date "2018.05.23"]
[Round "5"]
[White "Fiorito, Fabian"]
[Black "Pereyra, Horacio"]
[Result "1-0"]
[WhiteElo "2372"]
[BlackElo "2071"]
[PlyCount "61"]
[EventDate "2018.05.19"]
[EventType "swiss"]
[EventRounds "9"]
[EventCountry "ARG"]
[SourceTitle "CBM 184 Extra"]
[Source "ChessBase"]
[SourceDate "2018.06.28"]
[SourceVersion "1"]
[SourceVersionDate "2018.06.28"]
[SourceQuality "1"]

1. d4 d6 2. e4 g6 3. Nc3 Bg7 4. f4 Nf6 5. Nf3 0-0 6. Bd3 c6 7. e5 Nd5 8. Nxd5 cxd5 9. 0-0 Nc6 10. c3 Rb8 11. Qe2 a6 12. Ng5 e6 13. exd6 Qxd6 14. Bd2 Bd7 15. Rac1 b5 16. a3 Rbc8 17. Qf2 f6 18. Nxh7 Kxh7 19. Qh4+ Kg8 20. Bxg6 Rf7 21. f5 Ne7 22. Qh7+ Kf8 23. Qh5 Nxg6 24. fxg6 Ke7 25. Bf4 Qc6 26. gxf7 Rf8 27. Bh6 Rxf7 28. Bxg7 Rxg7 29. Qh6 Rf7 30. h4 Qc8 31. Rf3 1-0

[Event "Daireaux U2200 1st"]
[Site "Daireaux"]
[Date "2017.07.07"]
[Round "2.2"]
[White "Pereyra, Horacio"]
[Black "Baldini, Jorge Omar"]
[Result "1-0"]
[WhiteElo "2061"]
[BlackElo "1881"]
[PlyCount "47"]
[EventDate "2017.07.07"]
[EventType "swiss"]
[EventRounds "7"]
[EventCountry "ARG"]
[SourceTitle "EXT 2024"]
[Source "ChessBase"]
[SourceDate "2023.10.10"]
[SourceVersion "1"]
[SourceVersionDate "2023.10.10"]
[SourceQuality "1"]

1. e4 c5 2. Nf3 d6 3. d4 cxd4 4. Nxd4 Nf6 5. Nc3 a6 6. Bc4 Qc7 7. Bb3 e6 8. Be3 Nc6 9. f4 Be7 10. Qf3 0-0 11. f5 Nxd4 12. Bxd4 e5 13. Be3 b5 14. a3 Bb7 15. g4 b4 16. axb4 d5 17. g5 Nxe4 18. Nxe4 dxe4 19. Qh5 Bxb4+ 20. Kf1 Qd6 21. g6 h6 22. gxf7+ Kh7 23. Rg1 Bd5 24. Bxd5 1-0

[Event "ARG-ch Amateur U2300"]
[Site "Torre Blanca"]
[Date "2016.12.09"]
[Round "3.17"]
[White "Richard, Patrick Jorge"]
[Black "Pereyra, Horacio"]
[Result "1/2-1/2"]
[WhiteElo "1930"]
[BlackElo "2054"]
[PlyCount "82"]
[EventDate "2016.12.08"]
[EventType "swiss"]
[EventRounds "8"]
[EventCountry "ARG"]
[SourceTitle "EXT 2024"]
[Source "ChessBase"]
[SourceDate "2023.10.10"]
[SourceVersion "1"]
[SourceVersionDate "2023.10.10"]
[SourceQuality "1"]

1. c4 c5 2. g3 g6 3. Bg2 Bg7 4. Nc3 Nc6 5. d3 d6 6. Rb1 e5 7. Bd2 Nge7 8. Nf3 0-0 9. Qc1 Re8 10. h4 h5 11. 0-0 Bg4 12. Nh2 Be6 13. Nd5 Nd4 14. Nxe7+ Qxe7 15. Re1 Rac8 16. Nf1 Qd7 17. b3 Bh3 18. Ne3 Bxg2 19. Kxg2 e4 20. Nd5 exd3 21. e3 Nc2 22. Rd1 b5 23. Bc3 Bxc3 24. Nxc3 Qc6+ 25. Kg1 Nxe3 26. fxe3 Qf3 27. Kh2 Rxe3 28. Rg1 d2 29. Qxd2 Rxc3 30. Rbf1 Qe3 31. Qd5 Rc2+ 32. Rg2 Rxg2+ 33. Kxg2 Qe7 34. cxb5 Re8 35. a4 Qe4+ 36. Qxe4 Rxe4 37. Rd1 Rb4 38. Rxd6 Rxb3 39. Ra6 c4 40. Rxa7 c3 41. Rc7 Kf8 1/2-1/2

[Event "ARG-ch sf 83rd"]
[Site "Buenos Aires"]
[Date "2008.07.25"]
[Round "5"]
[White "Restuccia, Francisco"]
[Black "Pereyra, Horacio"]
[Result "1/2-1/2"]
[WhiteElo "2148"]
[BlackElo "2001"]
[PlyCount "54"]
[EventDate "2008.07.21"]
[EventType "swiss"]
[EventRounds "9"]
[EventCountry "ARG"]
[SourceTitle "CBM 125 Extra"]
[Source "ChessBase"]
[SourceDate "2008.09.01"]
[SourceVersion "1"]
[SourceVersionDate "2008.09.01"]
[SourceQuality "1"]

1. e4 e6 2. d4 c5 3. Nf3 cxd4 4. c3 d3 5. Bxd3 d6 6. c4 Nf6 7. Nc3 Be7 8. 0-0 0-0 9. b3 Nbd7 10. Nd4 a6 11. Bb2 Qc7 12. Rc1 b6 13. Re1 Bb7 14. Re3 Ne5 15. Bb1 Nfg4 16. Rg3 h5 17. Rh3 Bg5 18. Rxh5 Bxc1 19. Qxc1 Qc5 20. Rg5 Qxd4 21. Nd1 Qc5 22. Rxg7+ Kxg7 23. Qg5+ Kh7 24. Qh4+ Kg7 25. Qxg4+ Kh7 26. Qh5+ Kg7 27. Qg5+ Kh7 1/2-1/2

[Event "ARG-ch sf 83rd"]
[Site "Buenos Aires"]
[Date "2008.07.21"]
[Round "1"]
[White "Fulgenzi, Ernesto"]
[Black "Pereyra, Horacio"]
[Result "1/2-1/2"]
[WhiteElo "2358"]
[BlackElo "2001"]
[PlyCount "34"]
[EventDate "2008.07.21"]
[EventType "swiss"]
[EventRounds "9"]
[EventCountry "ARG"]
[SourceTitle "CBM 125 Extra"]
[Source "ChessBase"]
[SourceDate "2008.09.01"]
[SourceVersion "1"]
[SourceVersionDate "2008.09.01"]
[SourceQuality "1"]

1. Nf3 d5 2. c4 e6 3. d4 Nf6 4. Nc3 c6 5. e3 Bd6 6. Bd3 0-0 7. 0-0 Nbd7 8. e4 dxe4 9. Nxe4 Nxe4 10. Bxe4 h6 11. Bc2 e5 12. Re1 exd4 13. Nxd4 Ne5 14. h3 f5 15. Nf3 Qf6 16. Nxe5 Bxe5 17. Rb1 Bd4 1/2-1/2

[Event "Buenos Aires Najdorf U14/16"]
[Site "Buenos Aires"]
[Date "2004.10.08"]
[Round "6"]
[White "Carraro, Denise"]
[Black "Pereyra, Horacio"]
[Result "0-1"]
[WhiteElo "1999"]
[BlackElo "2078"]
[PlyCount "58"]
[EventDate "2004.09.07"]
[EventType "swiss"]
[EventRounds "7"]
[EventCountry "ARG"]
[SourceTitle "EXT 2005"]
[Source "ChessBase"]
[SourceDate "2004.11.15"]
[SourceVersion "1"]
[SourceVersionDate "2004.11.15"]
[SourceQuality "1"]

1. e4 c5 2. Nf3 d6 3. d4 cxd4 4. Nxd4 Nf6 5. Nc3 a6 6. f3 e6 7. Be3 Nbd7 8. Qd2 Qc7 9. 0-0-0 b5 10. g4 Nb6 11. b3 Bb7 12. h4 d5 13. e5 Nfd7 14. f4 Bb4 15. Nde2 d4 16. Rh3 Bxc3 17. Nxc3 dxc3 18. Qf2 Nd5 19. Bd4 Qa5 20. Kb1 Rc8 21. Bg2 Nb4 22. Bxc3 Qxa2+ 23. Kc1 Nd5 24. Bb2 Nc5 25. Qg3 a5 26. f5 a4 27. fxe6 Nxb3+ 28. Qxb3 axb3 29. exf7+ Kf8 0-1

[Event "ARG-ch U18"]
[Site "Villa Carlos Paz"]
[Date "2004.09.02"]
[Round "3"]
[White "Martinez, Matias"]
[Black "Pereyra, Horacio"]
[Result "1-0"]
[WhiteElo "2161"]
[BlackElo "1994"]
[PlyCount "106"]
[EventDate "2004.09.01"]
[EventType "swiss"]
[EventRounds "7"]
[EventCountry "ARG"]
[SourceTitle "CBM 102 Extra"]
[Source "ChessBase"]
[SourceDate "2004.11.03"]
[SourceVersion "1"]
[SourceVersionDate "2004.11.03"]
[SourceQuality "1"]

1. d4 d5 2. c4 c6 3. Nf3 e6 4. Nc3 f5 5. Bg5 Nf6 6. e3 Be7 7. Bd3 0-0 8. 0-0 Na6 9. cxd5 cxd5 10. Bxa6 bxa6 11. Ne5 Bb7 12. Rc1 Rc8 13. f4 Qb6 14. Bxf6 Bxf6 15. Nd7 Qxb2 16. Nxf8 Rxc3 17. Nd7 Bc6 18. Nxf6+ gxf6 19. Rxc3 Qxc3 20. Qc1 Qc4 21. Qxc4 dxc4 22. Rc1 Bd5 23. Rc3 Kf7 24. Ra3 Kg6 25. Rxa6 c3 26. Rxa7 c2 27. Rc7 Bxa2 28. Rxc2 Bd5 29. Kf2 h6 30. h3 h5 31. Kg3 Be4 32. Rb2 Bd5 33. Kh4 Be4 34. g3 Bf3 35. Rb8 Kf7 36. Rc8 Kg6 37. Rg8+ Kf7 38. Rc8 Kg6 39. Rc7 Kh6 40. Re7 Bd5 41. g4 hxg4 42. hxg4 fxg4 43. Kxg4 f5+ 44. Kh4 Kg6 45. Kg3 Kf6 46. Ra7 Be4 47. Kf2 Bd3 48. Ke1 Kg6 49. Kd2 Be4 50. Kc3 Bd5 51. Kb4 Kh5 52. Rg7 Kh6 53. Rg5 Be4 1-0

[Event "ARG-ch U18"]
[Site "Esperanza"]
[Date "2003.09.18"]
[Round "3"]
[White "Bulo, Paulo Emanuel"]
[Black "Pereyra, Horacio"]
[Result "1-0"]
[WhiteElo "2114"]
[BlackElo "2072"]
[PlyCount "68"]
[EventDate "2003.09.17"]
[EventType "tourn"]
[EventRounds "9"]
[EventCountry "ARG"]
[SourceTitle "EXT 2004"]
[Source "ChessBase"]
[SourceDate "2003.11.25"]
[SourceVersion "1"]
[SourceVersionDate "2003.11.25"]
[SourceQuality "1"]

1. d4 f5 2. c4 Nf6 3. g3 e6 4. Bg2 d5 5. Nf3 c6 6. Bf4 Bd6 7. Bxd6 Qxd6 8. 0-0 Nbd7 9. c5 Qe7 10. Nc3 0-0 11. b4 b6 12. Ne1 Bb7 13. Nd3 e5 14. dxe5 Nxe5 15. cxb6 axb6 16. Qb3 Nc4 17. Rfe1 Ra3 18. Qc2 Ne4 19. Nb1 Ra7 20. Nc3 Ra3 21. Nb1 Ra7 22. a4 Rd8 23. Na3 Ncd6 24. e3 Rda8 25. Nb1 Nf7 26. f3 Ned6 27. Nc3 Qf6 28. Red1 Nc4 29. e4 Qd4+ 30. Kh1 Ne3 31. Qf2 Qxc3 32. Qxe3 d4 33. Qf4 Rxa4 34. exf5 Rxa1 1-0

[Event "ARG-ch U18"]
[Site "Esperanza"]
[Date "2003.09.18"]
[Round "4"]
[White "Pereyra, Horacio"]
[Black "Manzone, Alessandro Jr"]
[Result "0-1"]
[WhiteElo "2072"]
[BlackElo "2119"]
[PlyCount "58"]
[EventDate "2003.09.17"]
[EventType "tourn"]
[EventRounds "9"]
[EventCountry "ARG"]
[SourceTitle "EXT 2004"]
[Source "ChessBase"]
[SourceDate "2003.11.25"]
[SourceVersion "1"]
[SourceVersionDate "2003.11.25"]
[SourceQuality "1"]

1. e4 c5 2. Nf3 e6 3. d4 cxd4 4. Nxd4 Qb6 5. Nb3 Nf6 6. Bd3 Nc6 7. 0-0 d5 8. exd5 Nxd5 9. a3 Be7 10. c4 Nf6 11. Nc3 Qc7 12. Nb5 Qb8 13. Be3 0-0 14. h3 b6 15. Qc2 Bb7 16. Rfe1 Ne5 17. Nc3 Nxd3 18. Qxd3 Rd8 19. Qc2 Qc8 20. Qe2 Qc6 21. f4 Rac8 22. Nd2 Bc5 23. Qf2 Bxe3 24. Rxe3 Qxg2+ 25. Qxg2 Bxg2 26. Rd1 Bb7 27. Kf2 Rd7 28. Ke2 Rcd8 29. Nde4 Nxe4 0-1

[Event "ARG-ch U18"]
[Site "Esperanza"]
[Date "2003.09.17"]
[Round "1"]
[White "Pereyra, Horacio"]
[Black "Lafuente, Pablo"]
[Result "0-1"]
[WhiteElo "2072"]
[BlackElo "2446"]
[PlyCount "66"]
[EventDate "2003.09.17"]
[EventType "tourn"]
[EventRounds "9"]
[EventCountry "ARG"]
[SourceTitle "EXT 2004"]
[Source "ChessBase"]
[SourceDate "2003.11.25"]
[SourceVersion "1"]
[SourceVersionDate "2003.11.25"]
[SourceQuality "1"]

1. e4 c5 2. Nf3 d6 3. d4 cxd4 4. Nxd4 Nf6 5. Nc3 a6 6. Bc4 e6 7. Bb3 b5 8. a3 Nbd7 9. 0-0 Nc5 10. Bg5 Nxb3 11. Nxb3 Bb7 12. Qd3 Be7 13. Rad1 0-0 14. Rfe1 Rc8 15. h3 Qc7 16. Bf4 Rfd8 17. Qe2 Nd7 18. Rd3 Ne5 19. Bxe5 dxe5 20. Red1 Rxd3 21. Rxd3 Bc6 22. Rg3 Be8 23. Na1 Qb6 24. Qg4 Bf8 25. Rf3 Ra8 26. Ne2 Rd8 27. Nc3 a5 28. Rd3 Rxd3 29. cxd3 b4 30. axb4 axb4 31. Nd1 Qa6 32. Nb3 Qxd3 33. Nc1 Qc2 0-1